MARC

LEADER 00000nam0a2200000 4500
001 362315
005 20231102011458.0
035 |a (RuTPU)RU\TPU\retro\19661 
090 |a 362315 
100 |a 20210722d1980 km y0rusy50 ca 
101 0 |a rus 
102 |a RU 
105 |a a z 001zy 
200 1 |a Десперсионно-твердеющие немагнитные ванадийсодержащие стали  |f О. А. Банных, В. М. Блинов  |g Академия наук СССР, Институт металлургии им. А. А. Байкова 
210 |a Москва  |c Наука  |d 1980 
215 |a 191 с.  |c ил. 
320 |a Библиогр.: с. 180-188 
606 1 |a Ванадий  |x Влияние на свойства сталей  |2 stltpush  |3 (RuTPU)RU\TPU\subj\22051  |9 46936 
610 1 |a ванадийсодержащие стали 
610 1 |a немагнитные стали 
610 1 |a твердение 
610 1 |a легирующие элементы 
610 1 |a упрочнение 
610 1 |a нержавеющие стали 
610 1 |a аустенитные стали 
610 1 |a поверхностное упрочнение 
675 |a 669.15'2  |v 4 
700 1 |a Банных  |b О. А.  |g Олег Александрович 
701 1 |a Блинов  |b В. М.  |g Виктор МИхайлович 
712 0 2 |a Академия наук СССР  |b Институт металлургии им. А. А. Байкова  |c (Москва)  |2 stltpush  |3 (RuTPU)RU\TPU\col\312  |9 23341 
801 1 |a RU  |b 63413507  |c 20210722 
942 |c BK